Historia de la Nación Argentina. desde los orígenes hasta la organización definitiva en 1862 / Vol. VII . Primera sección :
Guardado en:
| Otros Autores: | , , , , , , , , , |
|---|---|
| Formato: | Libro |
| Idioma: | Spanish |
| Publicado: |
Buenos Aires :
El Ateneo,
1961.
|
| Edición: | 3a. ed. |
| Materias: | |
| Etiquetas: |
Agregar Etiqueta
Sin Etiquetas, Sea el primero en etiquetar este registro!
|
| LEADER | 01016nam a2200277 a 4500 | ||
|---|---|---|---|
| 001 | DER.der015538 | ||
| 008 | 251117s1961####ag#abcogr#####001#0#spa## | ||
| 005 | 20251117192921.0 | ||
| 245 | 0 | 0 | |a Historia de la Nación Argentina. |n Vol. VII . Primera sección : |b desde los orígenes hasta la organización definitiva en 1862 / |c producida por Academia Nacional de la Historia. |
| 250 | |a 3a. ed. | ||
| 260 | a | B | |a Buenos Aires : |b El Ateneo, |c 1961. |
| 300 | |a 426 p. | ||
| 505 | 0 | |a Desde el Congreso General Constituyente de 1824 hasta Rosas | |
| 700 | 1 | |a Levene, Ricardo., |e dir. | |
| 700 | 1 | |a Ravignani, Emilio. | |
| 700 | 1 | |a Rotther, Enrique. | |
| 700 | 1 | |a Caillet-Bois, Teodoro. | |
| 700 | 1 | |a Levene, Ricardo. | |
| 700 | 1 | |a Rébora, Juan Carlos. | |
| 700 | 1 | |a Álvarez, Juan. | |
| 700 | 1 | |a Salvadores, Antonino. | |
| 700 | 1 | |a Noel, Martín S. | |
| 700 | 1 | |a Capdevila, Arturo. | |
| 700 | 1 | |a Burzio, Humberto F. | |
| 650 | 7 | |a HISTORIA ARGENTINA | |
| 859 | |a DERECHO |b BIB. DERECHO |h 982 |i ACA |p 0010144 |v VII |3 Vol. VII. 1° sección | ||
